UM Logo

Perception of Digos City consumers on the use of eco-label packaging among locally manufactured products / (Record no. 23460)

MARC details
000 -LEADER
fixed length control field 00673nam a22001697a 4500
005 - DATE AND TIME OF LATEST TRANSACTION
control field 20250217103627.0
008 - FIXED-LENGTH DATA ELEMENTS--GENERAL INFORMATION
fixed length control field 250217b |||||||| |||| 00| 0 eng d
082 ## - DEWEY DECIMAL CLASSIFICATION NUMBER
Edition number 2024
Classification number UT
100 ## - MAIN ENTRY--PERSONAL NAME
Personal name Villarmia, Jullios E.
9 (RLIN) 65327
245 ## - TITLE STATEMENT
Title Perception of Digos City consumers on the use of eco-label packaging among locally manufactured products /
Statement of responsibility, etc. Jullios E. Villarmia, Lovely E. Villarta, and Katrina D. Yap
260 ## - PUBLICATION, DISTRIBUTION, ETC. (IMPRINT)
Place of publication, distribution, etc. Digos City :
Name of publisher, distributor, etc. UMDC,
Date of publication, distribution, etc. ©July 2024.
300 ## - PHYSICAL DESCRIPTION
Extent viii, 53 pages :
Other physical details illustration (some colors) ;
Dimensions 29 cm.
500 ## - GENERAL NOTE
General note Includes references and appendices.
700 ## - ADDED ENTRY--PERSONAL NAME
Personal name Villarta, Lovely E.
9 (RLIN) 65331
700 ## - ADDED ENTRY--PERSONAL NAME
Personal name Yap, Katrina D.
9 (RLIN) 65326
942 ## - ADDED ENTRY ELEMENTS (KOHA)
Source of classification or shelving scheme Dewey Decimal Classification
Koha item type Undergraduate Thesis
Holdings
Withdrawn status Lost status Source of classification or shelving scheme Damaged status Not for loan Home library Current library Date acquired Total Checkouts Full call number Date last seen Price effective from Koha item type
    Dewey Decimal Classification     UM Digos College - LIC UM Digos College - LIC 10/07/2024   UT 02/17/2025 02/17/2025 Undergraduate Thesis